Statistics for Largest Ethnic Groups in Russia

Click here to take the quiz!

General Stats

  • This quiz has been taken 32 times
  • The average score is 10 of 20

Answer Stats

PopulationEthnic Group% Correct
111,016,896Russian
100%
1,182,388Armenian
97%
1,927,888Ukrainian
93%
647,732Kazakh
90%
603,070Azeri/ Azerbaijani
83%
521,443Belarussian
80%
1,431,360Chechen
77%
5,310,649Tatar
77%
528,515Ossetian
47%
1,584,554Bashkir
40%
1,435,872Chuvash
40%
478,085Yakut
37%
547,605Mari
30%
744,237Mordvin
20%
912,090Avar
17%
589,386Dargin
10%
503,060Kumyk
10%
552,299Udmurts
10%
473,722Lezgian
7%
516,826Kabardin
3%

Score Distribution

Percentile by Number Answered

Percent of People with Each Score

Your Score History

You have not taken this quiz